00246nam a2200097Ia 4500008004100000041000800041082000800049100002800057245002400085260003900109221007s9999 xx 000 0 und d aeng bCHA aChaurasia H P, Composer aMusic of The Rivers c2011bThe India Today GroupaDelhi